00383nam a2200133Ia 4500100002100000942000700021654001600028245006300044260002000107300000800127546001200135999001700147952008500164 aMagrab/Edward B  cBK aengineering aIntegrated Product and process design and development bCRCaNONEc1997 a306 aENGLISH c21283d21283 001040708CRCaCRCEbCRCEd2023-03-17l0o p10435r2023-03-17w2023-03-17yBK